| 000 | 00976nas a2200253Ia 4500 | ||
|---|---|---|---|
| 001 | R020/85480 | ||
| 003 | IT-RoPAU | ||
| 008 | 151124c99999999xx |||||||||||| ||und|| | ||
| 040 | _aIT-RoPAU | ||
| 040 | _cIT-RoPAU | ||
| 041 | _aINGLESE | ||
| 100 |
_aThompson Kristin _gCodice Aut. SPICS: 14595 |
||
| 210 | _aGRIFFITHIANA | ||
| 222 | _aGriffithiana | ||
| 245 |
_aGRIFFITHIANA, ANNO 12-N.35/36 (OTTOBRE 1989) _bErmolieff Group In Paris (The): Exile, Impressionism, Internationalism |
||
| 250 | _a1a ed. | ||
| 260 |
_aGEMONA (UDINE) _bCINETECA DEL FRIULI _c1989 |
||
| 501 |
_bPaulus - SPICS - Società San Paolo EM (non-commercial uses only) _cCopyright2015 |
||
| 300 | _a8 p. [50-57] | ||
| 362 | _aANNO 012, N.35/36 (OTTOBRE 1989) | ||
| 500 | _aGruppo Ermolieff a Parigi Dopo la Rivoluzione di Ottobre in Russia. Esilio, Impressionismo e Internazionalismo Nelle Loro Opere. Ermolieff/Albatros Compagnia. | ||
| 650 |
_aCINEMA _vPUBBLICAZIONE PERIODICA |
||
| 942 | _cCR | ||
| 999 |
_c131369 _d131369 |
||